Normal view
MARC view
Entry Personal Name
001 - CONTROL NUMBER
- control field: 67257
003 - CONTROL NUMBER IDENTIFIER
- control field: dpl
005 - DATE AND TIME OF LATEST TRANSACTION
- control field: 20240603172407.0
008 - FIXED-LENGTH DATA ELEMENTS
- fixed length control field: 240603|| aca||aabn | a|a d
040 ## - CATALOGING SOURCE
- Original cataloging agency: dpl
- Transcribing agency: dpl
100 ## - HEADING--PERSONAL NAME
- Personal name: प्रीति
670 ## - SOURCE DATA FOUND
- Source citation: Work cat.: (dpl)202074: प्रीति, थोड़ी नादान, थोड़ी चालाक: , 2023
